|
|
|
|
| LEADER |
01033nab#a2200325#ar4500 |
| 001 |
000075729 |
| 003 |
SVKKK |
| 005 |
20050706xxxxxxx. |
| 008 |
06 c xo huno |
| FMT |
|
|
|
| 038 |
|
|
|a SVKKK
|
| 040 |
|
|
|a SVKKK
|b slo
|e AACR2
|
| 041 |
0 |
|
|a hun
|
| 044 |
|
|
|a xo
|c SK
|
| 080 |
|
|
|a 943.76
|
| 100 |
1 |
|
|a Dongó Gy., Gejza
|4 aut
|
| 242 |
1 |
0 |
|a Kuruci vyplienili kalvínsky kostol v Michaľanoch
|
| 245 |
1 |
0 |
|a A legenyei ref.templomot kirabolták a kurucok
|c Gejza Dongó Gy.
|
| 500 |
|
|
|a Géza
|
| 520 |
2 |
|
|a Citovanie svedectiev niekoľkých svedkov o presnom dátume vyplienenia kalvínskeho kostola v Michaľanoch kuruckým vojskom. Autor kladie dátum na zimu 1705.
|
| 650 |
0 |
4 |
|a kostol kalvínsky, Michaľany - vyplienenie kurucmi - rok 1705 - čriepky historické
|
| 773 |
0 |
|
|t Adalékok Zemplén vm. Történetéhez
|g Roč. 16, č. 11-12 (1910) s. 360
|
| 957 |
|
|
|a Michaľany
|
| 958 |
|
|
|a CI
|
| 958 |
|
|
|a DG
|
| 958 |
|
|
|a SK
|
| 974 |
|
|
|a Ba
|d 20050706
|
| 992 |
|
|
|a RBX
|
| BAS |
|
|
|
| 998 |
|
|
|a RETRO
|